| 000 | nam a22 7a 4500 | ||
|---|---|---|---|
| 999 |
_c126531 _d126531 |
||
| 008 | 170725b xxu||||| |||| 00| 0 eng d | ||
| 050 | _aD443.C67 1969 | ||
| 100 |
_aCornwell, R.D. _933483 |
||
| 245 |
_aWorld History in the Twentieth Century _c/ R.D. Cornwell |
||
| 260 |
_aLondon _bLongman _c1969 |
||
| 300 |
_axvi, 426p. ; _c22cm. |
||
| 650 |
_aHistory, Modern _y20th century _926905 |
||
| 942 |
_2lcc _cMONOGRAPH |
||